000
00313nam a2200145Ia 4500
100
_a
Khurmi/R.S/ Lal / Jagdish
490
_v
I
942
_c
BK
654
_a
Materials
245
_a
Strength Of Materials
260
_b
S.Chand & C0
_a
New Delhi
_c
1979
082
_a
620.112
300
_a
991
546
_a
ENGLISH
999
_c
33290
_d
33290